000 00640nam a2200229Ia 4500
003 OSt
005 20220926011335.0
006 a|||||r|||| 00| 0
007 ta
008 220923b |||||||| |||| 00| 0 eng d
037 _cGeneral Book
040 _aRTL
_cRTL
_beng
041 _2eng
_aeng
082 _aV2(W).N7, K8
100 _aWeiner Myron Ed.
_9102505
245 0 _aState politics in India
260 _aNew Jersey
_bPrinceton University Press
_c1968
300 _axii, 520p
_ccm.
650 _aHistory of Delhi
_9230102
942 _hV2(W).N7, K8
_cGB
_2CC
999 _c619754
_d619754